| 000 | 00504nam a2200157Ia 4500 | ||
|---|---|---|---|
| 008 | 210716s2005 xx 000 0 und d | ||
| 020 | _a9780195698381 | ||
| 041 | _aeng | ||
| 082 | _a332.632 THOM | ||
| 100 | _aThomas, S Y Ho;Lee, Sang Bin. | ||
| 245 |
_aSecurities valuation: applications of financial modeling. _bApplications of financial modeling. |
||
| 250 | _a1 | ||
| 260 |
_aNew Delhi _bOxford University Press _c2005 |
||
| 300 | _axii,324 | ||
| 650 | _aInvestment Analysis & Portfolio Management | ||
| 999 |
_c202571 _d202571 |
||